Дело о выборах членов Государственной думы третьего созыва по Самарской губернии

RUSMARC
00005570cbc2a2200000#x 450
001ec470770-23e0-499d-925a-9d6cb7af688b
00520210407091928.0
1010#$arus
102##$aRU
2001#$aДело о выборах членов Государственной думы третьего созыва по Самарской губернии
$j22 октября 1907 г. - 9 февраля 1911 г.
251##$cДело
215##$a67 листов
$d36,5х26 см
2250#$aФонд Государственная дума I, II, III и IV созывов
$hОпись № 3
300##$aОригинальный заголовок дела: Дело с выборным производством членов Государственной думы по Самарской губернии : 22 октября 1907 г. - 9 февраля 1911 г.
300##$aЗаголовок дела также: Дела о выборах членов Государственной думы по губерниям, областям и городам. Самарская губерния. 22 октября 1907 г. - 9 февраля 1911 г.
300##$aРукописный и машинописный текст
801#0$aRU
$bРГИА
801#1$aRU
$bПБ им. Б.Н. Ельцина
$2rusmarc
$c20160205
801#2$aRU
$bПБ им. Б.Н. Ельцина
$gRCR
$2rusmarc
850##$aФедеральное казенное учреждение "Российский государственный исторический архив" (РГИА)
852##$aРГИА
$j61
100##$a20140128l19071911k##a0rusy0102####са
937##$d10948580
$hПБ
105##$ay###
1222#$ad19071022##
$ad19110209##
5171#$aДело с выборным производством членов Государственной думы по Самарской губернии
$e22 октября 1907 г. - 9 февраля 1911 г.
5171#$aДела о выборах членов Государственной думы по губерниям, областям и городам. Самарская губерния
$e22 октября 1907 г. - 9 февраля 1911 г.
461#0$100148572405-38c5-4094-b713-85756505f9f4
$12001
$aГосударственная Дума I, II, III и IV созывов
$1251
$cФонд
$1852
$j1278
462#0$1001fb946255-f278-454d-851d-599189a7d8c7
$12001
$a1907-1912 гг.
$vД. 61
$1251
$cОпись
$1852
$j3
$lIII Созыв
035##$aec470770-23e0-499d-925a-9d6cb7af688b
60101$2prlib_sh
$3LIBNET\UAF\0000094451
$aРоссия
$bГосударственная Дума
$bСозыв
$c3
$jДокументы и материалы
$xВыборы
686##$2rubbk
$a63.3(2)533-33ю11
$vLBC/M
686##$a63.3(28-8Сам)533ю11
$vLBC/M
$2rubbk
605##$2acquisition_Prlib
$3LIBNET\UAF\0000059972
$aСамарская область: страницы истории
$lколлекция
605##$aТерритория
$lколлекция
$2acquisition_Prlib
$3DITM\AF\0000004675
Формат отображения